000 00652cam a22002051 4500
999 _c127067
_d127067
001 13963315
003 ARRUPE
005 20171016113809.0
008 050512s1955 enk 000 0 eng
010 _a 56024854
040 _aDLC
_cDLC
_dDLC
050 0 0 _aPR3412
_b.G7 1955
100 1 _aDryden, John,
_d1631-1700.
_936956
245 1 0 _aPoems and prose of John Dryden;
_ca selection by Douglas Grant.
260 _a[Harmondsworth, Middlesex]
_bPenguin Books,
_c[1955]
300 _a356 p.
_c19 cm.
490 0 _aPenguin poets, D28
500 _a"1st publ. 1955."
700 _aGrant, Douglas
_eed.
_937086
906 _a0
_bcbc
_cpremunv
_du
_encip
_f19
_gy-gencatlg
942 _2lcc
_cMONOGRAPH